Carregant...
Tribal cultures and change /
| Autor principal: | |
|---|---|
| Format: | Printed Book |
| Publicat: |
New Delhi :
Mittal ,
1973.
|
| Matèries: |
| LEADER | 00458cam a2200145ua 4500 | ||
|---|---|---|---|
| 020 | |a 81-7099-112-4 | ||
| 082 | 1 | 4 | |a 307.7720954 |b MAN-T |
| 100 | 1 | |a Mann, R S . | |
| 245 | 1 | 0 | |a Tribal cultures and change / |
| 260 | |a New Delhi : |b Mittal , |c 1973. | ||
| 300 | |a 139p ; | ||
| 650 | 0 | |a Tribal community | |
| 942 | |c BK | ||
| 999 | |c 33262 |d 33262 | ||
| 952 | |0 0 |1 0 |4 0 |6 307_772095400000000_MANT |7 0 |9 42659 |a KU |b KU |d 2015-07-05 |l 6 |o 307.7720954 MAN-T |p AN00969 |r 2020-02-29 |s 2020-02-15 |y BK | ||